<?xml version="1.0" encoding="UTF-8"?>
<collection xmlns="http://www.loc.gov/MARC21/slim">
 <record>
  <leader>00653nta a2200181 i 4500</leader>
  <controlfield tag="001">dipl92947</controlfield>
  <controlfield tag="005">20200921131522.0</controlfield>
  <controlfield tag="008">200921s2013    hu      om    0||   zxx d</controlfield>
  <datafield tag="040" ind1=" " ind2=" ">
   <subfield code="a">SZTE Diploma Repozitórium</subfield>
   <subfield code="b">hun</subfield>
  </datafield>
  <datafield tag="041" ind1=" " ind2=" ">
   <subfield code="a">zxx</subfield>
  </datafield>
  <datafield tag="100" ind1="2" ind2=" ">
   <subfield code="a">Magyarné Farkas Edit</subfield>
  </datafield>
  <datafield tag="245" ind1="1" ind2="0">
   <subfield code="a">Neuropathiás fájdalommal élők életminősége</subfield>
   <subfield code="h">[elektronikus dokumentum] /</subfield>
   <subfield code="c">Edit Magyarné Farkas</subfield>
  </datafield>
  <datafield tag="260" ind1=" " ind2=" ">
   <subfield code="c">2013</subfield>
  </datafield>
  <datafield tag="650" ind1=" " ind2="4">
   <subfield code="a">Orvos- és egészségtudományok</subfield>
  </datafield>
  <datafield tag="650" ind1=" " ind2="4">
   <subfield code="a">Medical and health sciences</subfield>
  </datafield>
  <datafield tag="650" ind1=" " ind2="4">
   <subfield code="a">Health sciences</subfield>
  </datafield>
  <datafield tag="700" ind1="1" ind2=" ">
   <subfield code="a">Papp László</subfield>
   <subfield code="e">ths</subfield>
  </datafield>
  <datafield tag="856" ind1="4" ind2="0">
   <subfield code="u">http://diploma.bibl.u-szeged.hu/id/eprint/92947/1/2013_magyarne_farkas_edit.pdf</subfield>
   <subfield code="z">Dokumentum-elérés </subfield>
  </datafield>
 </record>
</collection>
